| 000 | 01320cam a22002771i 4500 | ||
|---|---|---|---|
| 003 | SA-RiAUC | ||
| 005 | 20251106070329.0 | ||
| 008 | 251105s2003 ts g f000r0 ara c | ||
| 040 |
_aJO-AmMOFA _bara _cSA-RiAUC _erda |
||
| 050 | 4 | _bG3 | |
| 082 | 0 | 4 | _a214.646704 |
| 090 |
_a214.646704 _bغ م ا |
||
| 100 | 1 |
_aالغماري، عبد الحي بن محمد بن الصديق، _d1337-1415 هجري _eمؤلف. |
|
| 245 | 1 | 0 |
_aخضاب الرأس واللحية بالسواد ليس بحرام / _cتأليف عبد الحي بن الصديق الحسني الغماري ؛ تحقيق العايش هادي. |
| 250 | _aالطبعة الثانية، مزيدة ومنقحة. | ||
| 264 | 1 |
_aدبي، الإمارات العربية المتحدة : _bدائرة الأوقاف والشؤون الإسلامية، إدارة الإفتاء والبحوث، قسم البحوث، _c2003 |
|
| 300 |
_a33 صفحة ؛ _c17 سم |
||
| 336 |
_aنص _btxt _2rdacontent _3كتاب |
||
| 337 |
_aبدون وسيط _bn _2rdamedia |
||
| 338 |
_aمجلد _bnc _2rdacarrier |
||
| 650 | 7 |
_aاللحية (فقه إسلامي) _2aucsh |
|
| 650 | 7 |
_aالإسلام والصحة الشخصية _2aucsh |
|
| 700 | 1 |
_aهادي، العايش _eمحقق. |
|
| 942 |
_2ddc _cBOOK _n0 |
||
| 949 |
_aSA-JeALM _d251105 _umohamedma123 _n1 |
||
| 999 |
_c13036 _d13036 |
||